000 00334nam a22001217a 4500
999 _c66826
_d66823
082 _aR/4CE17
100 _aAmir Saleem Khan
_a17CE52
245 _aEffect of Water Cement Ratio on the Strength of Green Concrete
260 _aNawabshah:
_bQUEST,
_c2020
300 _a35p. ;
700 _aDepartment of Civil Engineering
942 _cTHESIS